=LDR 00000nam 2200000 4500 =001 INLIS000000000033423 =005 20140314183842.0 =006 =007 =008 ind =035 ##$$0010-061300000033423 =041 ##$$a ind =082 ##$$a 610.73 =090 ##$$a 610.73, Mut a =100 ##$$a Muttaqin, Arif =245 ##$$a Asuhan keperawatan klien dengan gangguan sistem persarafan, Arif muttaqim;Editor, Rida angriani =260 ##$$a 2008 $b Jakarta =300 ##$$a xvi, 286 hlm, Ilus, 26 cm =650 ##$$a Keperawatan =700 ##$$a Angriani, Rida =850 ##$$a NBPNMAT =990 ##$$a 0001/BPAP-NTB/20142015 =990 ##$$a 0001/BPAP-NTB/20142015